| 000 | 00518cam a2200193 a 4500 | ||
|---|---|---|---|
| 020 | _a0072961163 (alk. paper) | ||
| 040 | _cDLC | ||
| 082 | 0 | 0 | _a364 MCG 2005 A021 Or. |
| 100 | 1 | _aBohm, Robert M. | |
| 245 | 1 | 0 | _aIntroduction to criminal justice / |
| 250 | _a4th ed. | ||
| 260 |
_aBoston : _bMcGraw-Hill, _cc2005. |
||
| 300 |
_axxv, 548, [49] p. : _bcol. ill. ; _c28 cm. |
||
| 650 | 0 | _aCriminal justice, Administration of | |
| 650 | 0 | _aCrime | |
| 650 | 0 | _aCriminal law | |
| 700 | 1 | _aHaley, Keith N. | |
| 942 | _cEK | ||
| 999 |
_c12650 _d12650 |
||